000 00851cab a2200253 4500
001 WB2929-21
008 090401t1993 xxu||||| |||| 00| 0 eng d
035 _a(Sirsi) u37486
041 _aeng
245 _aArrears and repossessions fall
260 _c1993
350 _a0
490 _aIndependent
_v29 July 1993, 5
490 _aDaily Telegraph
_v29 July 1993, 20(2)
490 _aMortgage Monthly
_vAugust 1993, 2-3(1)
520 _aThe Council of Mortgage Lenders (CML) reports that the number of homes repossessed and mortgage arrears fell by more than a tenth in first half 1993 compared with the same period in 1992. Table and graph.
650 _aCOUNCIL OF MORTGAGE LENDERS
650 _aMORTGAGE ARREARS
650 _aREPOSSESSIONS
650 _aSTATISTICS
690 _aHOUSING-FINANCE
942 _n0
948 _c04/03/1997
999 _c24221
_d24221